| 000 | 00416nam a2200157Ia 4500 | ||
|---|---|---|---|
| 008 | 230524s9999 xx 000 0 und d | ||
| 082 |
_a621.3827 _bRAO |
||
| 100 |
_aS.Rao _96200 |
||
| 245 | 0 | _aTesting Commissioning Operation & Maintenance of Electrical Equipments | |
| 250 | _a6TH | ||
| 260 |
_aNEW DELHI _bKhanna _c2005 |
||
| 300 | _a1071 | ||
| 500 | _aQuantity Number: 2 | ||
| 650 | _aElectrical | ||
| 942 | _cBK | ||
| 999 |
_c24822 _d24822 |
||